000 00260 a2200121 4500
001 146479
040 _cEscola São Tomás de Aquino
100 _aZAMBUJAL, Isabel
240 1 0 _aWagner
_lpor
245 1 0 _aWagner
697 _a*LITERATURA INFANTO
942 _cBK
999 _c146479
_d146479